Mainz Kader 2024/25 - Statistiken

Allgemein
  • Dieses Quiz wurde 118 mal gespielt
  • Das Durchschnittsergebnis liegt bei 16 aus 25
Antwortstatistiken
Nationalität Spieler % Korrekt
Deutschland Nadiem Amiri
97%
Deutschland Jonathan Burkardt
92%
Deutschland Robin Zentner
92%
Südkorea Jae-Sung Lee
88%
Österreich Phillipp Mwene
83%
Japan Kaishu Sano
81%
Frankreich Anthony Caci
80%
Deutschland Nelson Weiper
80%
Deutschland Dominik Kohr
79%
Schweiz Silvan Widmer
79%
Deutschland Paul Nebel
78%
Norwegen Andreas Hanche-Olsen
75%
Deutschland Stefan Bell
73%
Deutschland Armindo Sieb
67%
Deutschland Danny Da Costa
66%
Südkorea Hyun-Seok Hong
63%
Österreich Karim Onisiwo
51%
Deutschland Moritz Jenz
47%
Österreich Nikolas Veratschnig
47%
Deutschland/USA Lennard Maloney
45%
Frankreich Arnaud Nordin
44%
Marokko/Deutschland Aymen Barkok
43%
Deutschland Maxim Leitsch
42%
Kroatien/Deutschland Gabriel Vidovic
37%
Deutschland Daniel Gleiber
18%
Keine übereinstimmenden Quizze gefunden
Verteilung der Resultate
Anzahl Personen mit jedem Resultat
Perzentil nach korrekt beantworteten Fragen
Ihre Resultats-Entwicklung
Sie haben dieses Quiz noch nicht gespielt